|
|
|
|
| LEADER |
00000cac a2200000 a 4500 |
| 001 |
74723-12 |
| 003 |
Ucuenca |
| 005 |
20240323062558.0 |
| 008 |
994000|1968 sp |||||r|||||||||||spa|| |
| 040 |
|
|
|b spa
|
| 041 |
1 |
|
|a spa
|
| 082 |
0 |
|
|a 660.03
|
| 100 |
1 |
|
|9 54020
|a Plunkett, E. R.
|
| 245 |
|
|
|a Manual de toxicología industrial
|c E. R. Plunkett. Traductor Francisco Agustín Maroto Muñoz
|h imp
|
| 264 |
|
|
|a Bilbao
|b Urmo
|c 1968
|
| 300 |
|
|
|a 559 páginas:
|b tab
|c 25 cm
|
| 490 |
|
|
|a Enciclopedia de la Química Industrial
|n tomo 12
|
| 504 |
|
|
|a incl. ref.
|
| 650 |
|
0 |
|a Toxicología
|9 11226
|
| 650 |
|
|
|a Medicina industrial
|9 38462
|
| 650 |
|
0 |
|a Ingeniería química
|9 32996
|
| 773 |
|
|
|g 559 páginas:
|
| 852 |
|
|
|a UC-CDJBV
|f Compra
|l 1
|m General
|p 19940000
|q 1.00
|r 2
|t 74723-12
|b 0
|d CDRC
|e CDRC
|g 660.03
|z 1994-40-00
|
| 942 |
|
|
|
| 999 |
|
|
|c 119792
|d 119792
|